Quizzes
Events
Quiz Creation
Community
Videos
Private Events
Remove Ads
Sign In
Join for FREE
Feedback
Dark Mode
Quiz Categories
Sports
Geography
Music
Movies
Television
Just For Fun
Miscellaneous
History
Literature
Language
Science
Gaming
Entertainment
Religion
Holiday
For Kids
Quiz Lab
Recent
Popular Today
Quiz Kudos Today
Editor Picks
Curator Picks
Quizzes by...
Day
Popularity
Type
Ratings
Length
Year
Community
Subscriptions
Recent Discussions
Orange Saloon
Badges
Playlists
Quests
Create
Leaderboards
Showdown
Live 5
Trivia Bingo
Activity
Puzzle Library
Sporcle Events
Private Events
Virtual Trivia
Globe League
Become a Host
Pub Owners
SporcleCon
Opinionation
Our Games
Videos
Blog
Mobile Apps
Partnerships
Remove Ads and Go Orange
Feedback
Literature
Harry Potter
A Song of Ice and Fire
The Hunger Games
Literary Character
Shakespeare
Book
Author
Novel
Poem
Young Adult
Children's Books
Play
Lord of the Rings
Literature
Harry Potter
A Song of Ice and Fire
The Hunger Games
Literary Character
Shakespeare
Book
Author
Novel
Poem
Young Adult
Children's Books
Play
Lord of the Rings
Random Quiz
Search Sporcle
×
Quiz Lab
Quiz Lab
Literature
Circulated
Type in answers that appear in a list
Type in answers that appear in a list
Classic
Best Score? Go Orange.
U.S. Newspapers Stats
Can you name the most circulated newspapers in the US?
By
SporcleEXP
6m
25 Questions
158 Plays
158 Plays
158 Plays
Comments
Comments
Give Quiz Kudos
Give Quiz Kudos
-
- Ratings
hide this ad
Replay
Link that replays current quiz
Next Quiz
Link to next quiz in quiz playlist
You Got
0%
They Got
Avg Score
49%
Avg Friend Score
Upgrade to see
Score Distribution
Jump to the score distribution portion of the page
Score
0/25
Timer
06:00
0
Plays Today
Newspaper
% Correct
The New York Times
100%
Los Angeles Times
85.4%
The Wall Street Journal
78.3%
USA Today
75.8%
The Washington Post
75.8%
New York Post
69.4%
Chicago Tribune
68.8%
The Boston Globe
68.2%
Chicago Sun-Times
57.3%
The Philadelphia Inquirer
49.7%
San Francisco Chronicle
49.7%
Daily News (New York)
47.8%
The Dallas Morning News
47.8%
Newspaper
% Correct
Houston Chronicle
46.5%
The Denver Post
44.6%
Detroit Free Press
40.8%
The Plain Dealer (Cleveland)
33.8%
The Seattle Times
33.1%
Newsday
31.8%
The Arizona Republic
29.3%
The Star Ledger (Newark)
25.5%
The Oregonian
22.3%
Star Tribune (Minneapolis)
20.4%
San Diego Union-Tribune
15.3%
St. Petersburg Times
15.3%
Quiz Playlist
Details
Report
Send in Message
Add To Playlist
Classic:
Type in answers that appear in a list
Last Updated: Feb 16, 2017
Quiz Scoreboard
CHALLENGE
Sign Up to Join the Scoreboard
Show All
Scores
Hide
Comments
May contain spoilers
Recently Published
1-10 Letter E Words III
by El_Dandy
Language
2m
One Thing in Common: World Cities II
by knightlancer
Geography
7m
Popular People in 1961
by mucciniale
History
6m
More to Explore
Quiz From the Vault
Featured Blog Post
Where Did the Easter Bunny Come From?
hide this ad
You Might Also Like...
Tags
Circulated
Newspaper
Today's Top Quizzes in Literature
Browse Literature
hide this ad
Top Contributed Quizzes in Literature
1
Sneaky Slytherin Logic Puzzle
2
Get The Picture: Black or White Literature
3
One Thing in Common: Literature
4
Weasley Family Reunion: Logic Puzzle
5
Lily Potter Start to Finish
6
ASOIAF Logic Puzzle [Difficult] [Read Note first!!]
7
James Potter Start to Finish
8
One piece logic quiz 3 (Hard difficulty)
9
Dobby's Dilemma: Logic Puzzle
10
Keeper of the Lost Cities Logic Puzzle
Explore More
Trending Topics
NBA
Crossword
Marvel
Anime
Harry Potter
Disney
Kpop
The Office
NFL
Soccer
WWE
Puzzle
Country
Pokémon
Song
hide this ad
More By:
SporcleEXP
Quiz
Plays
Rating
Category
Featured
Created
Harry Potter Deaths in Order Minefield
3,067,929
4.18
Literature
Jan 27, 2016
Sins, Dwarfs, and Spice Girls
847,242
4.42
Just For Fun
Apr 11, 2012
Ancient History Bunker
707,998
4.28
History
Jan 20, 2014
Movie Posters VI
678,960
4.37
Movies
Nov 12, 2010
Movie Posters VII
621,786
4.44
Movies
Apr 16, 2011
Go to Creator's Profile
Score Distribution
Quiz Creator Spotlight
SporcleEXP
Follow
Send a Message
Quizzes Created
-
Created Quiz Play Count
-
More By This Creator
Popular Quizzes Today
1
Find the US States - No Outlines Minefield
2
The Countries of the World
3
Popular People in 1961
4
Find the Countries of Europe - No Outlines Minefield
5
1-10 Letter E Words III
6
Find the US States
7
One Thing in Common: World Cities II
8
US States
More Literature Quizzes
Writers Born in the 1940s
Quiz Lab
Trending Quizzes
1-10 Letter F Words
One Thing in Common: Music
1-10 Letter G Words
Risky Map Clicking: Next State Alphabetically
1-10 Letter F Words II
Recently Updated
Leaping Animals
pecheneg
Reality TV Shows (A-Z)
bhenderson79
Rickey Henderson's Hall of Fame Teammates
pecheneg
Champions League XIs: Arsenal
pecheneg
Quick Pick: Celebrities in WWE's Hall of Fame
aduchscher
A-Z Keypad Blitz II
pecheneg
Multiple Oscar Actors
pecheneg
Mystery Phrase Blitz: Oscar 'Best Actors'
pecheneg
F. Scott Fitzgerald Novels
LTH
Pick 3 Villains
ddd62291
Trending Topics
NBA
Marvel
Kpop
Harry Potter
Anime
Disney
Crossword
NFL
Country
Pokémon
Soccer
Puzzle
The Office
WWE
Song
Your Account Isn't Verified!
In order to create a playlist on Sporcle, you need to verify the email address you used during registration. Go to your
Sporcle Settings
to finish the process.
Report this User
Report this user for behavior that violates our
Community Guidelines
.
Details:
Send Report
Go to the Sporcle.com Mobile Site →
Comments